| 000 | 00657nam a2200181Ia 4500 | ||
|---|---|---|---|
| 008 | 090630s9999 xx 000 0 und d | ||
| 082 | _b3980 | ||
| 100 | _aबापटशास्त्री वि. आ. | ||
| 245 |
_aविराट पर्व भाग4. _cबापटशास्त्री वि. आ. |
||
| 260 |
_b--- _c1930 |
||
| 300 | _a480 | ||
| 600 | _aबापटशास्त्री वि. आ. | ||
| 630 | _aविराट पर्व भाग4. | ||
| 655 | _aधार्मिक. | ||
| 700 | _aबापटशास्त्री वि. आ. | ||
| 730 | _aविराट पर्व भाग4. | ||
| 942 | _cBOOK | ||
| 999 |
_c255836 _d255836 |
||